Score 0/26 Timer 02:00
0 Plays Today
Title 'L' Word % Correct
____ Talk About SexLet's
97.5%
Life in the Fast ____Lane
95.8%
The ____ RangerLone
94.6%
____ In An ElevatorLove
93.9%
____ Who's TalkingLook
93.1%
____ Train to ClarksvilleLast
92%
____ & StitchLilo
91%
Livin' La Vida ____Loca
90.1%
____ Croft: Tomb RaiderLara
90%
My ____ FootLeft
89.8%
____ A PrayerLike
87.4%
____ in the Sky with DiamondsLucy
86.7%
____ On MeLean
86.4%
Title 'L' Word % Correct
Walk of ____Life
84.8%
In the ____ of FireLine
83.9%
The ____ KingLion
82.2%
Three Times a ____Lady
82%
Good Night and Good ____Luck
79.6%
A Very ____ EngagementLong
79.5%
True ____Lies
74.7%
____ YourselfLose
68.6%
____ for LifeLust
55.4%
____ YearLeap
47.8%
The ____ MovieLego
44.4%
____ of WarLord
33.8%
Beautiful ____Liar
26.7%

Today's Daily Dose

Missing Word
TV NA - NZ

Word Ladder
Neck and Neck

Quick Pick
'Q' Places

You're not logged in!

Compare scores with friends on all Sporcle quizzes.
OR
Log In

Sporcle TV

Today on Sporcle TV


Watch our educational content, quiz creation guides, and fun videos on Sporcle TV.

Show Comments

Extras

Top Quizzes Today


Score Distribution

Paid Content

Your Account Isn't Verified!

In order to create a playlist on Sporcle, you need to verify the email address you used during registration. Go to your Sporcle Settings to finish the process.

Report this User

Report this user for behavior that violates our Community Guidelines.

Details: